000 00471nab a2200145Ia 4500
003 ES-SlBCS
005 20210601125250.0
008 140529s1986 xxu||||| |||| 00| 0 eng d
041 _aeng
100 1 _aTalbott, Thomas B.
_9156121
245 0 0 _aOn Divine Foreknowledge and Bringing About the Past
_c Thomas B. Talbott
650 0 4 _aConocimiento Divino
_9156122
773 0 _tPhilosophy and Phenomenological Research
_gvol. 47, 1986, págs. 455-470
_wRev1411
942 _cAR
999 _c527490
_d527490